[Event "HUN-ch Rapid"]
[Site "Ajka"]
[Date "2023.07.22"]
[Round "8"]
[White "Szamoskozi, Gabor"]
[Black "Kovacs, Gabor H"]
[Result "1-0"]
[WhiteElo "2241"]
[BlackElo "2398"]
[PlyCount "45"]
[EventDate "2023.07.21"]
[EventType "swiss (rapid)"]
[EventRounds "13"]
[EventCountry "HUN"]
[SourceTitle "CBM 215 Extra"]
[Source "ChessBase"]
[SourceDate "2023.09.30"]
[SourceVersion "1"]
[SourceVersionDate "2023.09.30"]
[SourceQuality "1"]

1. e4 e5 2. f4 exf4 3. Nf3 d6 4. Nc3 h6 5. d4 g5 6. g3 fxg3 7. hxg3 Bg7 8. Be3 Bg4 9. Be2 Nd7 10. Qd2 Nb6 11. b3 Nf6 12. 0-0-0 Qe7 13. Qd3 0-0-0 14. Nd2 Bxe2 15. Qxe2 Kb8 16. a4 a6 17. Rdf1 Rhf8 18. Rf5 d5 19. e5 Nfd7 20. Rhf1 c6 21. Kb2 f6 22. exf6 Rxf6 23. Bf4+ 1-0

[Event "HUN-ch Rapid"]
[Site "Ajka"]
[Date "2022.07.17"]
[Round "10"]
[White "Szamoskozi, Gabor"]
[Black "Tolnai, Tibor"]
[Result "1/2-1/2"]
[WhiteElo "2243"]
[BlackElo "2433"]
[PlyCount "131"]
[EventDate "2022.07.15"]
[EventType "swiss (rapid)"]
[EventRounds "13"]
[EventCountry "HUN"]
[SourceTitle "CBM 209 Extra"]
[Source "ChessBase"]
[SourceDate "2022.09.30"]
[SourceVersion "1"]
[SourceVersionDate "2022.09.30"]
[SourceQuality "1"]

1. e4 c5 2. Nf3 d6 3. d4 cxd4 4. Nxd4 Nf6 5. Nc3 Nc6 6. Bc4 Qb6 7. Nxc6 bxc6 8. 0-0 e6 9. Bb3 Be7 10. Be3 Qc7 11. h3 0-0 12. f4 d5 13. e5 Nd7 14. Ne2 Nc5 15. c3 Nxb3 16. Qxb3 c5 17. Qc2 a5 18. Rae1 g6 19. Kh2 Rb8 20. Ng1 Qb6 21. Rf2 d4 22. Bc1 Rd8 23. Rd1 Ba6 24. c4 Qb4 25. Bd2 Qxb2 26. Bxa5 Qxc2 27. Rxc2 Rd7 28. Nf3 Ra7 29. Be1 Bb7 30. Rb1 Rba8 31. Nd2 Bc6 32. Rb6 Be8 33. Rbb2 h5 34. Ne4 Bc6 35. Nd6 Ra6 36. Rd2 Bxd6 37. exd6 Bd7 38. Bh4 Rxd6 39. Be7 Rc6 40. Rb7 Be8 41. Kg3 Kg7 42. Rdb2 d3 43. Kf2 Rca6 44. Bxc5 Rxa2 45. Bd4+ Kh6 46. Ke3 g5 47. fxg5+ Kxg5 48. Kxd3 Kg6 49. Rxa2 Rxa2 50. Rb2 Ra3+ 51. Bc3 Bc6 52. g3 Ra4 53. Rf2 f5 54. Be5 Ra3+ 55. Kd4 h4 56. gxh4 Rxh3 57. Kc5 Be4 58. Kd6 Kf7 59. Rh2 Rd3+ 60. Kc5 Rd1 61. h5 Rh1 62. Rxh1 Bxh1 63. h6 Kg6 64. Bf4 e5 65. Bxe5 Kxh6 66. Bf4+ 1/2-1/2

[Event "HUN-chT 1920"]
[Site "Hungary"]
[Date "2020.08.30"]
[Round "8.11"]
[White "Szamoskozi, Gabor"]
[Black "Kovacsy, Barnabas"]
[Result "0-1"]
[WhiteElo "2247"]
[BlackElo "2062"]
[PlyCount "64"]
[EventDate "2019.11.16"]
[EventType "team-tourn"]
[EventRounds "9"]
[EventCountry "HUN"]
[SourceTitle "EXT 2021"]
[Source "ChessBase"]
[SourceDate "2020.10.23"]
[SourceVersion "1"]
[SourceVersionDate "2020.10.23"]
[SourceQuality "1"]
[WhiteTeam "Morihana"]
[BlackTeam "Budapest MTK"]
[WhiteTeamCountry "HUN"]
[BlackTeamCountry "HUN"]

1. Nf3 Nf6 2. g3 g6 3. Bg2 Bg7 4. c4 c6 5. 0-0 0-0 6. d4 d5 7. cxd5 cxd5 8. Nc3 Ne4 9. Nxe4 dxe4 10. Ng5 Qxd4 11. Qxd4 Bxd4 12. Nxe4 Nc6 13. Rd1 Bg4 14. Kf1 Rfd8 15. Bd2 Bxb2 16. Rab1 Bg7 17. Rxb7 Nd4 18. f3 Be6 19. Bc3 Bxa2 20. Rxe7 Bc4 21. Rd2 a5 22. f4 Nf5 23. Rxd8+ Rxd8 24. Ra7 Ne3+ 25. Kg1 Nxg2 26. Bxg7 Kxg7 27. Kf2 Re8 28. Nc3 Ne3 29. Rxa5 Ng4+ 30. Kg2 Re3 31. h3 Rxc3 32. hxg4 Bxe2 0-1

[Event "Karlsruhe Grenke op"]
[Site "Karlsruhe"]
[Date "2019.04.21"]
[Round "7"]
[White "Szamoskozi, Gabor"]
[Black "Kramer, Julian"]
[Result "1/2-1/2"]
[WhiteElo "2242"]
[BlackElo "2369"]
[PlyCount "109"]
[EventDate "2019.04.18"]
[EventType "swiss"]
[EventRounds "9"]
[EventCountry "GER"]
[SourceTitle "CBM 189 Extra"]
[Source "ChessBase"]
[SourceDate "2019.06.03"]
[SourceVersion "1"]
[SourceVersionDate "2019.06.03"]
[SourceQuality "1"]

1. e4 e5 2. Nf3 Nc6 3. Nc3 Nf6 4. Bb5 Nd4 5. Nxd4 exd4 6. e5 dxc3 7. exf6 Qxf6 8. dxc3 Qe5+ 9. Qe2 Qxe2+ 10. Bxe2 d5 11. Bf4 c6 12. 0-0-0 Bc5 13. f3 Be6 14. Bd3 0-0 15. Rde1 Rfe8 16. Re2 b5 17. Rhe1 g6 18. h4 Bd7 19. Rxe8+ Rxe8 20. Rxe8+ Bxe8 21. Kd2 Be7 22. Bg5 f6 23. Be3 c5 24. b4 c4 25. Be2 a6 26. g4 f5 27. g5 Bd6 28. f4 d4 29. cxd4 Bxb4+ 30. c3 Bd6 31. Bf3 Kf8 32. Kc2 a5 33. Kb2 b4 34. d5 Bb5 35. Bd4 Bxf4 36. cxb4 axb4 37. Bc5+ Ke8 38. Bxb4 Bg3 39. Bd2 Be5+ 40. Bc3 Bg3 41. h5 Bf4 42. hxg6 hxg6 43. Bf6 Bd2 44. Bd1 Kd7 45. a4 Ba6 46. Kc2 Bb4 47. Be5 Be7 48. Kc3 Bxg5 49. Be2 Bh4 50. Bxc4 Be1+ 51. Kd3 Bxc4+ 52. Kxc4 g5 53. Kd3 Bb4 54. Ke2 Ba5 55. Bd4 1/2-1/2

[Event "HUN-chT 1819"]
[Site "Hungary"]
[Date "2019.02.10"]
[Round "5.5"]
[White "Ivanisevic, Ivan"]
[Black "Szamoskozi, Gabor"]
[Result "1-0"]
[WhiteElo "2597"]
[BlackElo "2257"]
[PlyCount "67"]
[EventDate "2018.11.17"]
[EventType "team-tourn"]
[EventRounds "9"]
[EventCountry "HUN"]
[SourceTitle "CBM 188 Extra"]
[Source "ChessBase"]
[SourceDate "2019.02.26"]
[SourceVersion "1"]
[SourceVersionDate "2019.02.26"]
[SourceQuality "1"]
[WhiteTeam "Aquaprofit"]
[BlackTeam "Penzugyor"]
[WhiteTeamCountry "HUN"]
[BlackTeamCountry "HUN"]

1. c4 Nf6 2. Nc3 g6 3. e4 d6 4. d4 Bg7 5. h3 0-0 6. Be3 e5 7. d5 a5 8. g4 Na6 9. Nge2 Nc5 10. Ng3 Bd7 11. Be2 Ne8 12. h4 f5 13. exf5 gxf5 14. Nxf5 Bxf5 15. gxf5 Qf6 16. Qd2 Qxf5 17. Rg1 Kh8 18. 0-0-0 Nf6 19. h5 Nfe4 20. Nxe4 Qxe4 21. Rg4 Rf4 22. f3 Qf5 23. Bxf4 exf4 24. Rdg1 Be5 25. Qxa5 Re8 26. Qd2 Qxh5 27. Bd1 Qh3 28. Bc2 Nd7 29. Ba4 b5 30. Bxb5 Nf6 31. Bxe8 Nxg4 32. Bd7 Qxf3 33. Bxg4 Qe4 34. Be6 1-0

[Event "HUN-chT2 Maroczy 1819"]
[Site "Hungary"]
[Date "2019.01.27"]
[Round "6.1"]
[White "Nomin Erdene, Davaademberel"]
[Black "Szamoskozi, Gabor"]
[Result "1-0"]
[WhiteElo "2377"]
[BlackElo "2270"]
[PlyCount "67"]
[EventDate "2018.09.23"]
[EventType "team-tourn"]
[EventRounds "11"]
[EventCountry "HUN"]
[SourceTitle "EXT 2020"]
[Source "ChessBase"]
[SourceDate "2019.10.17"]
[SourceVersion "1"]
[SourceVersionDate "2019.10.17"]
[SourceQuality "1"]
[WhiteTeam "Debrecen Kwizda"]
[BlackTeam "Penzugyor II"]
[WhiteTeamCountry "HUN"]
[BlackTeamCountry "HUN"]

1. e4 c5 2. Nf3 Nc6 3. d4 cxd4 4. Nxd4 e5 5. Nb5 d6 6. N1c3 a6 7. Na3 Be7 8. Be3 b5 9. Nd5 Rb8 10. c4 b4 11. Nc2 Nf6 12. Bd3 0-0 13. 0-0 b3 14. axb3 Rxb3 15. Ra2 Ng4 16. Bc1 Bg5 17. Nce3 Bxe3 18. fxe3 Rb8 19. h3 Nh6 20. Qh5 f6 21. Bd2 Nf7 22. b4 Ng5 23. b5 Ne7 24. bxa6 Nxd5 25. cxd5 Qb6 26. Qe2 f5 27. exf5 e4 28. Bc4 Rxf5 29. Rxf5 Bxf5 30. Bc3 Rf8 31. a7 Qb1+ 32. Kh2 Bxh3 33. a8Q Rxa8 34. Rxa8+ 1-0

[Event "HUN-chT 1819"]
[Site "Hungary"]
[Date "2018.11.17"]
[Round "1.3"]
[White "Polyik, Peter"]
[Black "Szamoskozi, Gabor"]
[Result "1-0"]
[WhiteElo "2254"]
[BlackElo "2257"]
[PlyCount "81"]
[EventDate "2018.11.17"]
[EventType "team-tourn"]
[EventRounds "9"]
[EventCountry "HUN"]
[SourceTitle "CBM 187 Extra"]
[Source "ChessBase"]
[SourceDate "2018.11.04"]
[SourceVersion "1"]
[SourceVersionDate "2018.11.04"]
[SourceQuality "1"]
[WhiteTeam "Kobanya Aquarena"]
[BlackTeam "Penzugyor"]
[WhiteTeamCountry "HUN"]
[BlackTeamCountry "HUN"]

1. d4 Nf6 2. Nf3 g6 3. Bg5 Bg7 4. Nbd2 c5 5. Bxf6 Bxf6 6. Ne4 Bxd4 7. Nxd4 cxd4 8. Qxd4 0-0 9. c4 Nc6 10. Qd2 Qa5 11. Nc3 d6 12. e4 Be6 13. Be2 f5 14. exf5 Qxf5 15. 0-0 Qf4 16. Qxf4 Rxf4 17. b3 Nd4 18. Bd3 Bf5 19. Bxf5 gxf5 20. Rae1 e6 21. Re3 Rg4 22. Rd1 e5 23. Kf1 Kf7 24. Rh3 Kg7 25. Ne2 Nxe2 26. Kxe2 Rd8 27. Rhd3 Rxg2 28. Rxd6 Rxd6 29. Rxd6 Rxh2 30. Rd7+ Kf6 31. Rxb7 e4 32. c5 Ke6 33. Rxa7 Kd5 34. b4 Rh6 35. a3 Kc4 36. Rb7 Ra6 37. b5 Rxa3 38. c6 Ra8 39. c7 Rc8 40. b6 Kd5 41. Rb8 1-0

[Event "Pula op 31st"]
[Site "Pula"]
[Date "2017.09.12"]
[Round "5"]
[White "Szamoskozi, Gabor"]
[Black "Grbac, Boris"]
[Result "1-0"]
[WhiteElo "2298"]
[BlackElo "2126"]
[PlyCount "69"]
[EventDate "2017.09.09"]
[EventType "swiss"]
[EventRounds "9"]
[EventCountry "CRO"]
[SourceTitle "CBM 180 Extra"]
[Source "ChessBase"]
[SourceDate "2017.10.06"]
[SourceVersion "1"]
[SourceVersionDate "2017.10.06"]
[SourceQuality "1"]

1. e4 c5 2. Nf3 d6 3. d4 cxd4 4. Nxd4 Nf6 5. Nc3 g6 6. Be3 Bg7 7. f3 0-0 8. Qd2 Nc6 9. 0-0-0 d5 10. Qe1 e5 11. Nxc6 bxc6 12. exd5 cxd5 13. Bg5 Be6 14. Bc4 Qc7 15. Bxf6 dxc4 16. Bxg7 Kxg7 17. g4 Rab8 18. Ne4 h6 19. g5 h5 20. Qc3 Rb6 21. Rd6 Rb5 22. Rhd1 Qa5 23. Qxa5 Rxa5 24. a3 Rb5 25. Rxe6 fxe6 26. Rd7+ Kg8 27. Nf6+ Rxf6 28. gxf6 a5 29. Rg7+ Kf8 30. Rxg6 Kf7 31. Rg5 Kxf6 32. Rxh5 Rd5 33. Rh4 Rd4 34. Rxd4 exd4 35. b4 1-0

[Event "Pula op 31st"]
[Site "Pula"]
[Date "2017.09.09"]
[Round "1"]
[White "Szamoskozi, Gabor"]
[Black "Zupevc, Saso"]
[Result "1-0"]
[WhiteElo "2298"]
[BlackElo "1834"]
[PlyCount "49"]
[EventDate "2017.09.09"]
[EventType "swiss"]
[EventRounds "9"]
[EventCountry "CRO"]
[SourceTitle "CBM 180 Extra"]
[Source "ChessBase"]
[SourceDate "2017.10.06"]
[SourceVersion "1"]
[SourceVersionDate "2017.10.06"]
[SourceQuality "1"]

1. e4 c5 2. Nc3 d6 3. f4 Nf6 4. Nf3 e6 5. d4 cxd4 6. Nxd4 a6 7. Be2 Be7 8. 0-0 0-0 9. Bf3 Qc7 10. g4 Nc6 11. Nde2 b5 12. g5 Nd7 13. a3 f6 14. h4 Qb6+ 15. Kg2 Bb7 16. Kg3 h6 17. Bg4 Nd8 18. gxh6 gxh6 19. f5 Ne5 20. Nf4 b4 21. axb4 Qxb4 22. Ra4 Qc5 23. fxe6 Kh8 24. Bf5 Rg8+ 25. Kh3 1-0

[Event "HUN-chT 1617"]
[Site "Hungary"]
[Date "2017.04.09"]
[Round "9.10"]
[White "Grimm, Daniel"]
[Black "Szamoskozi, Gabor"]
[Result "1/2-1/2"]
[WhiteElo "2346"]
[BlackElo "2334"]
[PlyCount "29"]
[EventDate "2016.10.30"]
[EventType "team-tourn"]
[EventRounds "9"]
[EventCountry "HUN"]
[SourceTitle "EXT 2018"]
[Source "ChessBase"]
[SourceDate "2017.10.13"]
[SourceVersion "1"]
[SourceVersionDate "2017.10.13"]
[SourceQuality "1"]
[WhiteTeam "Dunaharaszti"]
[BlackTeam "Penzugyor"]
[WhiteTeamCountry "HUN"]
[BlackTeamCountry "HUN"]

1. e4 c5 2. Nf3 Nc6 3. d4 cxd4 4. Nxd4 e5 5. Nb5 d6 6. N1c3 a6 7. Na3 b5 8. Nd5 Be7 9. Be3 Rb8 10. c4 b4 11. Nc2 Nf6 12. Nxe7 Qxe7 13. f3 b3 14. Na3 bxa2 15. Rxa2 1/2-1/2

[Event "Budapest Spring op"]
[Site "Budapest"]
[Date "2017.03.26"]
[Round "9"]
[White "Horvath, Adam"]
[Black "Szamoskozi, Gabor"]
[Result "1-0"]
[WhiteElo "2478"]
[BlackElo "2322"]
[PlyCount "53"]
[EventDate "2017.03.18"]
[EventType "swiss"]
[EventRounds "9"]
[EventCountry "HUN"]
[SourceTitle "CBM 177 Extra"]
[Source "ChessBase"]
[SourceDate "2017.04.27"]
[SourceVersion "1"]
[SourceVersionDate "2017.04.27"]
[SourceQuality "1"]

1. e4 c5 2. Nf3 d6 3. d4 cxd4 4. Nxd4 Nf6 5. Nc3 g6 6. Be3 Bg7 7. f3 0-0 8. Qd2 Nc6 9. 0-0-0 d5 10. Qe1 Be6 11. g4 Ne5 12. g5 Ne8 13. f4 Nc6 14. e5 Nxd4 15. Bxd4 h5 16. gxh6 Bxh6 17. h4 Bxf4+ 18. Kb1 Ng7 19. h5 Nxh5 20. Rxh5 gxh5 21. Be2 Bg4 22. Bxg4 hxg4 23. e6 f5 24. Qh4 Rf6 25. Rh1 Rxe6 26. Qh8+ Kf7 27. Rh7+ 1-0

[Event "HUN-chT 1516"]
[Site "Hungary"]
[Date "2016.02.28"]
[Round "5.7"]
[White "Szamoskozi, Gabor"]
[Black "Szalai, Kornel"]
[Result "1-0"]
[WhiteElo "2340"]
[BlackElo "2391"]
[PlyCount "119"]
[EventDate "2015.11.07"]
[EventType "team-tourn"]
[EventRounds "11"]
[EventCountry "HUN"]
[SourceTitle "CBM 171 Extra"]
[Source "ChessBase"]
[SourceDate "2016.04.26"]
[SourceVersion "1"]
[SourceVersionDate "2016.04.26"]
[SourceQuality "1"]
[WhiteTeam "Penzugyor"]
[BlackTeam "Mako"]
[WhiteTeamCountry "HUN"]
[BlackTeamCountry "HUN"]

1. e4 c5 2. Nf3 d6 3. Bc4 Nc6 4. 0-0 Nf6 5. d3 e6 6. Re1 Be7 7. Bb3 0-0 8. c3 d5 9. e5 Nd7 10. d4 Qb6 11. dxc5 Qc7 12. Bf4 Bxc5 13. Bg3 Rd8 14. Nbd2 Nf8 15. Bc2 Rb8 16. Nb3 Be7 17. Nbd4 a6 18. Qd3 Bd7 19. h4 Rbc8 20. h5 h6 21. Bf4 Na5 22. Nd2 Nc4 23. Nxc4 dxc4 24. Qg3 Kh8 25. Nf5 exf5 26. e6 Qc6 27. exd7 Rxd7 28. Bxf5 Ne6 29. Bxe6 fxe6 30. Qg6 e5 31. Qxc6 Rxc6 32. Bxe5 Rc5 33. Re2 Rcd5 34. Rae1 Bc5 35. g4 Kh7 36. Kg2 g6 37. hxg6+ Kxg6 38. f4 Be7 39. Bd4 Bf8 40. Re6+ Kh7 41. f5 Rb5 42. R1e2 Kg8 43. Kf3 Ra5 44. a3 Rad5 45. Rg6+ Kh7 46. Re8 Rf7 47. Rxf8 Rxf8 48. Rg7+ Kh8 49. Rxb7+ Kg8 50. Rg7+ Kh8 51. Rd7+ Rxd4 52. Rxd4 Rb8 53. Rxc4 Rxb2 54. Rc6 Kg7 55. Rg6+ Kh7 56. Rxa6 Rb3 57. Ra7+ Kg8 58. Rc7 Rxa3 59. Ke4 Ra1 60. Rc6 1-0

[Event "HUN-chT 1516"]
[Site "Hungary"]
[Date "2015.11.08"]
[Round "2"]
[White "Szamoskozi, Gabor"]
[Black "Dobos, Jozsef"]
[Result "1/2-1/2"]
[WhiteElo "2340"]
[BlackElo "2277"]
[PlyCount "28"]
[EventDate "2015.11.07"]
[EventType "team-tourn"]
[EventRounds "11"]
[EventCountry "HUN"]
[SourceTitle "CBM 169 Extra"]
[Source "ChessBase"]
[SourceDate "2015.12.18"]
[SourceVersion "1"]
[SourceVersionDate "2015.12.18"]
[SourceQuality "1"]
[WhiteTeam "Penzugyor"]
[BlackTeam "Csuti"]
[WhiteTeamCountry "HUN"]
[BlackTeamCountry "HUN"]

1. e4 c5 2. Nf3 g6 3. d4 Bg7 4. Nc3 cxd4 5. Nxd4 Nc6 6. Be3 Nf6 7. Bc4 Qa5 8. 0-0 0-0 9. Bb3 d6 10. h3 Bd7 11. Kh1 Rac8 12. Nxc6 Bxc6 13. Qd3 a6 14. Rad1 Qh5 1/2-1/2

[Event "Zalakaros op 33rd"]
[Site "Zalakaros"]
[Date "2014.05.30"]
[Round "8"]
[White "Kantor, Gergely"]
[Black "Szamoskozi, Gabor"]
[Result "1-0"]
[WhiteElo "2380"]
[BlackElo "2358"]
[PlyCount "59"]
[EventDate "2014.05.23"]
[EventType "swiss"]
[EventRounds "9"]
[EventCountry "HUN"]
[SourceTitle "CBM 160 Extra"]
[Source "ChessBase"]
[SourceDate "2014.07.01"]
[SourceVersion "1"]
[SourceVersionDate "2014.07.01"]
[SourceQuality "1"]

1. d4 Nf6 2. c4 c5 3. d5 e6 4. Nc3 exd5 5. cxd5 d6 6. e4 g6 7. h3 Bg7 8. Nf3 0-0 9. Bd3 Na6 10. 0-0 Nc7 11. Re1 a6 12. a4 Rb8 13. a5 b5 14. axb6 Rxb6 15. Nd2 Nb5 16. Nc4 Rb8 17. Bg5 h6 18. Bh4 g5 19. Bg3 Ne8 20. e5 dxe5 21. Nxe5 Nxc3 22. bxc3 Rb6 23. Nc6 Rxc6 24. dxc6 Qf6 25. c7 Qxc3 26. Bxa6 Bd4 27. Bxc8 Nxc7 28. Bxc7 Rxc8 29. Rc1 Qb2 30. Bg3 1-0

[Event "Zalakaros op 33rd"]
[Site "Zalakaros"]
[Date "2014.05.24"]
[Round "2"]
[White "Hoang, Thanh Trang"]
[Black "Szamoskozi, Gabor"]
[Result "1/2-1/2"]
[WhiteElo "2509"]
[BlackElo "2358"]
[PlyCount "120"]
[EventDate "2014.05.23"]
[EventType "swiss"]
[EventRounds "9"]
[EventCountry "HUN"]
[SourceTitle "CBM 160 Extra"]
[Source "ChessBase"]
[SourceDate "2014.07.01"]
[SourceVersion "1"]
[SourceVersionDate "2014.07.01"]
[SourceQuality "1"]

1. d4 Nf6 2. c4 c5 3. d5 b5 4. cxb5 a6 5. bxa6 Bxa6 6. Nc3 g6 7. Nf3 d6 8. e4 Bxf1 9. Kxf1 Bg7 10. g3 0-0 11. Kg2 Nbd7 12. a4 Ng4 13. Qe2 Nge5 14. Nd2 Nb6 15. a5 Nc8 16. f4 Nd7 17. Nc4 Ndb6 18. Nxb6 Nxb6 19. Bd2 Nd7 20. Na4 Qc7 21. Rhc1 Qb7 22. Rab1 Qb3 23. Qc4 Rfb8 24. Nb6 Qxc4 25. Nxc4 f5 26. e5 dxe5 27. fxe5 Nxe5 28. Bf4 Nxc4 29. Bxb8 Nd2 30. Bc7 c4 31. Bb6 Kf7 32. Kf2 c3 33. bxc3 Nxb1 34. Rxb1 Bxc3 35. Rb5 Rb8 36. d6 exd6 37. Rd5 Ra8 38. Rxd6 Bxa5 39. Bxa5 Rxa5 40. Rd7+ Kg8 41. h4 Ra6 42. Kf3 Rf6 43. Kf4 Rf7 44. Rd8+ Kg7 45. h5 Kh6 46. hxg6 hxg6 47. Rh8+ Kg7 48. Ra8 Kh6 49. Rh8+ Rh7 50. Rxh7+ Kxh7 51. g4 fxg4 52. Kxg4 Kh6 53. Kh4 g5+ 54. Kg4 Kg6 55. Kg3 Kf5 56. Kf3 g4+ 57. Kg3 Kg5 58. Kg2 Kf4 59. Kf2 g3+ 60. Kg2 Kg4 1/2-1/2

[Event "Zalakaros op 33rd"]
[Site "Zalakaros"]
[Date "2014.05.23"]
[Round "1"]
[White "Szamoskozi, Gabor"]
[Black "Grigoriants, Sergey"]
[Result "1/2-1/2"]
[WhiteElo "2358"]
[BlackElo "2595"]
[PlyCount "44"]
[EventDate "2014.05.23"]
[EventType "swiss"]
[EventRounds "9"]
[EventCountry "HUN"]
[SourceTitle "CBM 160 Extra"]
[Source "ChessBase"]
[SourceDate "2014.07.01"]
[SourceVersion "1"]
[SourceVersionDate "2014.07.01"]
[SourceQuality "1"]

1. e4 c5 2. Nf3 e6 3. d4 cxd4 4. Nxd4 Nf6 5. Nc3 d6 6. Be2 Be7 7. 0-0 Nc6 8. Be3 Bd7 9. f4 Nxd4 10. Bxd4 Bc6 11. Qd3 0-0 12. Rae1 b5 13. a3 Qb8 14. Qg3 b4 15. axb4 Qxb4 16. Qd3 Rfd8 17. Bf3 a5 18. b3 Rac8 19. Nd5 exd5 20. exd5 Bb5 21. c4 Bxc4 22. bxc4 Qxc4 1/2-1/2

[Event "HUN-chT 1213"]
[Site "Hungary"]
[Date "2013.02.17"]
[Round "7"]
[White "Nestorovic, Lazar"]
[Black "Szamoskozi, Gabor"]
[Result "1-0"]
[WhiteElo "2384"]
[BlackElo "2368"]
[PlyCount "87"]
[EventDate "2012.09.16"]
[EventType "team-tourn"]
[EventRounds "9"]
[EventCountry "HUN"]
[SourceTitle "EXT 2014"]
[Source "ChessBase"]
[SourceDate "2013.11.20"]
[SourceVersion "1"]
[SourceVersionDate "2013.11.20"]
[SourceQuality "1"]
[WhiteTeam "Toth Laszlo"]
[BlackTeam "BEAC"]
[WhiteTeamCountry "HUN"]
[BlackTeamCountry "HUN"]

1. e4 c5 2. Nf3 d6 3. d4 cxd4 4. Nxd4 Nf6 5. Nc3 g6 6. Be3 Bg7 7. f3 0-0 8. Qd2 Nc6 9. Bc4 Nd7 10. 0-0-0 Nb6 11. Bb3 Na5 12. h4 Nbc4 13. Bxc4 Nxc4 14. Qd3 Nxe3 15. Qxe3 Bd7 16. h5 Rc8 17. Kb1 Re8 18. f4 Qb6 19. e5 dxe5 20. fxe5 Bg4 21. Rd3 Red8 22. Ka1 Bxh5 23. Rh4 f5 24. a3 Bg4 25. Rh1 Rxc3 26. bxc3 Qa5 27. Kb2 Qxe5 28. Qxe5 Bxe5 29. Nxf5 Rxd3 30. Nxe7+ Kf8 31. cxd3 Kxe7 32. Rxh7+ Kf6 33. Rxb7 Be2 34. d4 Bg3 35. Rxa7 Bf1 36. a4 Bxg2 37. a5 Bb8 38. Rh7 Bf1 39. Rb7 Bf4 40. a6 Bg2 41. Rb6+ Kf7 42. a7 g5 43. c4 Ba8 44. Rb8 1-0